[Event "HCL-A054"]
[Site "www.playchess.de"]
[Date "2000.12.07"]
[Round "2"]
[White "teenspirit"]
[Black "klypp"]
[WhiteElo "1768"]
[BlackElo "2144"]
[PlyCount "48"]
[Result "0-1"]

1.d4 Nf6 2.Nf3 b6 3.c4 e6 4.g3 Bb7 5.Bg2 Bb4+ 
6.Bd2 Be7 7.O-O O-O 8.Nc3 d5 9.Ne5 Nbd7 10.f4 c5 
11.e3 cxd4 12.exd4 Rc8 13.Be3 Ba6 14.Qa4 Bxc4 
15.Nxc4 Rxc4 16.Qxa7 Ng4 17.Nd1 Nxe3 18.Nxe3 Rxd4 
19.Rfc1 Rd2 20.Rc7 Bc5 21.Rxd7 Qf6 22.Rb1 Bxe3+ 
23.Kh1 Qd4 24.Qa6 Rxg2 0-1

[Event "HCL-B054"]
[Site "www.playchess.de"]
[Date "2000.12.07"]
[Round "13"]
[White "bodhi"]
[Black "BerndS"]
[WhiteElo "1200"]
[BlackElo "1500"]
[PlyCount "60"]
[Result "0-1"]

1.e4 c5 2.Nf3 d6 3.d4 cxd4 4.Qxd4 e5 5.Bg5 f6 
6.Qa4+ Bd7 7.Qb3 fxg5 8.Nc3 Bc6 9.Nd5 g4 10.Nd2 
Nd7 11.h3 Ngf6 12.hxg4 Bxd5 13.exd5 Qb6 14.g5 Qxb3 
15.Nxb3 Nxd5 16.g6 h6 17.O-O-O N5b6 18.g3 Be7 
19.Bg2 O-O-O 20.Rh5 Rhf8 21.Rh2 Rf6 22.Be4 Nc5 
23.Nxc5 dxc5 24.Rxd8+ Bxd8 25.f3 Rd6 26.Rd2 Bg5 
27.Bd3 Bxd2+ 28.Kxd2 c4 29.f4 exf4 30.gxf4 
cxd3 0-1

[Event "HCL-B073"]
[Site "www.playchess.de"]
[Date "2000.12.07"]
[Round "25"]
[White "henry"]
[Black "Rengar"]
[WhiteElo "1098"]
[BlackElo "1016"]
[PlyCount "42"]
[Result "0-1"]

1.e4 c5 2.e5 Nc6 3.Nf3 g6 4.c3 Bg7 5.Qe2 d6 6.h3 
Nxe5 7.Nxe5 Bxe5 8.Qf3 Bg7 9.Bb5+ Bd7 10.Qxb7 Bxb5 
11.Qxb5+ Qd7 12.a4 Nf6 13.d3 Qxb5 14.axb5 O-O 
15.c4 Rfb8 16.Nc3 Nd7 17.Nd5 Rbc8 18.Nxe7+ Kf8 
19.Nxc8 Rxc8 20.O-O Ne5 21.Rd1 
Rc7 0-1

[Event "HCL-B081"]
[Site "www.playchess.de"]
[Date "2000.12.07"]
[Round "25"]
[White "trolo"]
[Black "peze"]
[WhiteElo "1801"]
[BlackElo "1734"]
[PlyCount "40"]
[Result "0-1"]

1.e4 c5 2.c3 Nf6 3.e5 Nd5 4.d4 cxd4 5.Bc4 Qc7 
6.Qe2 Nb6 7.Bd3 Nc6 8.Nf3 d6 9.exd6 Qxd6 10.Nxd4 
Nxd4 11.cxd4 e6 12.O-O Qxd4 13.Rd1 Qh4 14.Nc3 Be7 
15.Bb5+ Bd7 16.Bxd7+ Nxd7 17.Nb5 Rc8 18.Nxa7 Rd8 
19.Be3 Qa4 20.b3 Qa5 0-1

[Event "HCL-B105"]
[Site "www.playchess.de"]
[Date "2000.12.07"]
[Round "9"]
[White "Reyn"]
[Black "parker"]
[WhiteElo "1200"]
[BlackElo "1200"]
[PlyCount "34"]
[Result "0-1"]

1.Nf3 Nf6 2.d3 d5 3.c4 e6 4.Ne5 Nh5 5.e3 Nc6 6.d4 
Nxe5 7.dxe5 c6 8.Be2 g6 9.h3 Bg7 10.f4 Ng3 11.Rg1 
b6 12.Nd2 Qh4 13.Nf3 Qh5 14.Ng5 Qh4 15.Kd2 f6 
16.Nf3 Ne4+ 17.Kc2 Qg3 0-1

[Event "HCL-B106"]
[Site "www.playchess.de"]
[Date "2000.12.07"]
[Round "18"]
[White "Matu"]
[Black "Yogibear"]
[WhiteElo "1257"]
[BlackElo "1951"]
[PlyCount "32"]
[Result "0-1"]

1.Nf3 Nf6 2.b3 c5 3.e3 g6 4.Bb2 Bg7 5.c4 O-O 6.d4 
cxd4 7.Nxd4 d5 8.Nd2 e5 9.N4f3 e4 10.Bxf6 Bxf6 
11.Nd4 Bxd4 12.exd4 Nc6 13.cxd5 Qxd5 14.Qe2 Nxd4 
15.Nxe4 Qc6 16.Qb2 Qxe4+ 0-1

[Event "HCL-B106"]
[Site "www.playchess.de"]
[Date "2000.12.07"]
[Round "22"]
[White "nadavies_uk"]
[Black "dogman"]
[WhiteElo "1401"]
[BlackElo "1264"]
[PlyCount "64"]
[Result "0-1"]

1.d4 d5 2.c4 Nf6 3.cxd5 Nxd5 4.e4 Nf6 5.Nc3 e5 
6.Bg5 exd4 7.e5 dxc3 8.Qxd8+ Kxd8 9.Rd1+ Bd7 
10.bxc3 Be7 11.exf6 Bxf6 12.Bxf6+ gxf6 13.Bc4 Re8+ 
14.Ne2 Re7 15.O-O Nc6 16.Nd4 Nxd4 17.Rxd4 c6 
18.Rfd1 Kc7 19.Bd3 h5 20.Re4 Rae8 21.Rxe7 Rxe7 
22.Kf1 Bg4 23.Re1 Re6 24.f3 Rxe1+ 25.Kxe1 Be6 
26.a3 Kd6 27.Kd2 Kc5 28.Kc2 Bc4 29.Bxc4 Kxc4 
30.Kb2 Kd3 31.Kb3 Ke3 32.Kb4 Kf2 0-1

[Event "HCL-B106"]
[Site "www.playchess.de"]
[Date "2000.12.07"]
[Round "24"]
[White "Yogibear"]
[Black "dogman"]
[WhiteElo "1951"]
[BlackElo "1264"]
[PlyCount "55"]
[Result "1-0"]

1.Nf3 Nf6 2.g3 e5 3.Nxe5 Bc5 4.d4 Be7 5.Bg2 O-O 
6.O-O d6 7.Nd3 c6 8.e4 Bg4 9.f3 Bd7 10.c4 c5 
11.dxc5 dxc5 12.Be3 Nc6 13.e5 Ne8 14.Nxc5 Nxe5 
15.Nxd7 Nxd7 16.f4 Bf6 17.Nc3 Nc7 18.Bxb7 Rb8 
19.Qf3 Bxc3 20.bxc3 a6 21.Ba7 Ne6 22.Rfd1 Qe7 
23.Bxb8 Rxb8 24.Bxa6 Qc5+ 25.Kh1 Nf6 26.Bb5 Nc7 
27.Rab1 g6 28.Qc6 1-0

[Event "HCL-B107"]
[Site "www.playchess.de"]
[Date "2000.12.07"]
[Round "8"]
[White "Bauernopfer"]
[Black "costajr"]
[WhiteElo "1114"]
[BlackElo "1110"]
[PlyCount "79"]
[Result "1/2-1/2"]

1.e4 c5 2.Nf3 d6 3.Nc3 a6 4.d3 b5 5.b3 Nc6 6.Bb2 
Qa5 7.Qd2 Nd4 8.Nxd4 cxd4 9.Nd5 Qxd2+ 10.Kxd2 Ra7 
11.Bxd4 Rb7 12.g3 Be6 13.Nf4 Nf6 14.Nxe6 fxe6 
15.Be2 e5 16.Be3 g6 17.h3 e6 18.c4 bxc4 19.dxc4 
Nxe4+ 20.Kd3 Nc5+ 21.Bxc5 dxc5 22.Ke4 Bg7 23.Bg4 
Ke7 24.Rad1 Rd7 25.Rxd7+ Kxd7 26.Rd1+ Ke7 27.h4 
Rc8 28.Rd3 Rc7 29.a3 Bf6 30.h5 g5 31.Bf3 h6 32.g4 
Rd7 33.Rxd7+ Kxd7 34.Kd3 Be7 35.Kc2 Bd6 36.Kc3 Kc7 
37.Kd3 Kd7 38.Bb7 a5 39.Bg2 Kc7 
40.a4 1/2-1/2

[Event "HCL-B110"]
[Site "www.playchess.de"]
[Date "2000.12.07"]
[Round "10"]
[White "Ninjo"]
[Black "Spiridonas"]
[WhiteElo "1500"]
[BlackElo "1627"]
[PlyCount "41"]
[Result "1-0"]

1.e4 b6 2.Nf3 Bb7 3.d3 g6 4.g3 Bg7 5.Bg2 e6 6.Na3 
Ne7 7.O-O d6 8.c3 Nd7 9.Nc4 f5 10.Ng5 Nf8 11.exf5 
Bxg2 12.Kxg2 Nxf5 13.Re1 e5 14.d4 Qd7 15.Qf3 Rb8 
16.dxe5 Qe7 17.exd6 Qxe1 18.Qc6+ Nd7 19.dxc7 Rc8 
20.Be3 Qxa1 21.Qe6+ 1-0

[Event "HCL-B117"]
[Site "www.playchess.de"]
[Date "2000.12.07"]
[Round "10"]
[White "dmitry"]
[Black "LUPES"]
[WhiteElo "1373"]
[BlackElo "1500"]
[PlyCount "38"]
[Result "0-1"]

1.e4 e5 2.Nf3 Nc6 3.Bc4 Bc5 4.c3 Nf6 5.d4 exd4 
6.cxd4 Bb4+ 7.Bd2 Bxd2+ 8.Nbxd2 Nxe4 9.Bxf7+ Kxf7 
10.Nxe4 Re8 11.Nfg5+ Qxg5 12.Qf3+ Kg8 13.O-O Qg6 
14.Rfe1 Nxd4 15.Qd3 Ne6 16.Rad1 d6 17.Ng3 Qxd3 
18.Rxd3 Bd7 19.Nf5 Nc5 0-1

[Event "HCL-B119"]
[Site "www.playchess.de"]
[Date "2000.12.07"]
[Round "2"]
[White "plobi"]
[Black "DepthCharge"]
[WhiteElo "1500"]
[BlackElo "1554"]
[PlyCount "66"]
[Result "0-1"]

1.d4 Nf6 2.Nf3 d5 3.c4 e6 4.Nc3 Bb4 5.Bg5 Nc6 
6.Qa4 Bd7 7.a3 Bxc3+ 8.bxc3 Nxd4 9.Bxf6 Bxa4 
10.Bxd8 Nc2+ 11.Kd2 Nxa1 12.Bxc7 Rc8 13.Be5 f6 
14.Bg3 dxc4 15.e3 Rd8+ 16.Nd4 e5 17.Be2 Nb3+ 
18.Ke1 exd4 19.Bxc4 dxc3 20.Ke2 Rd2+ 21.Kf3 c2 
22.Bxb3 Bxb3 23.Rc1 Rd1 24.Rxc2 Bxc2 25.h4 Kf7 
26.Kg4 Rhd8 27.f4 Rg1 28.Kh3 Rd2 29.Kg4 Rdxg2 
30.f5 R2xg3+ 31.Kf4 R3g4+ 32.Kf3 Bd1+ 33.Kf2 
R4g2+ 0-1

[Event "HCL-B122"]
[Site "www.playchess.de"]
[Date "2000.12.07"]
[Round "1"]
[White "sarek"]
[Black "nadavies_uk"]
[WhiteElo "916"]
[BlackElo "1396"]
[PlyCount "31"]
[Result "1-0"]

1.e4 c5 2.c3 Nf6 3.e5 Nd5 4.Nf3 e6 5.Bc4 Nb6 6.Bb3 
Nc6 7.O-O c4 8.Bc2 d6 9.exd6 Bxd6 10.d3 O-O 
11.dxc4 Nxc4 12.b3 N4e5 13.c4 Nxf3+ 14.Qxf3 Nd4 
15.Qd3 Be5 16.Qxh7+ 1-0

[Event "HCL-B129"]
[Site "www.playchess.de"]
[Date "2000.12.07"]
[Round "2"]
[White "Yogibear"]
[Black "Brussels_Hooligan"]
[WhiteElo "1825"]
[BlackElo "1439"]
[PlyCount "47"]
[Result "1-0"]

1.Nf3 Nf6 2.g3 d5 3.Bg2 e6 4.O-O c5 5.d4 Nc6 6.c4 
dxc4 7.Ne5 Nxe5 8.dxe5 Nd5 9.Na3 Be7 10.Nxc4 O-O 
11.e4 Nb6 12.Nd6 Bxd6 13.exd6 e5 14.Be3 Nd7 15.Qd5 
Rb8 16.Bxc5 b6 17.Be3 Bb7 18.Qd3 Nf6 19.Rac1 Qd7 
20.Bg5 Ne8 21.Be7 f6 22.Bxf8 Kxf8 23.Qa3 Qxd6 
24.Qxa7 1-0

[Event "HCL-C047"]
[Site "www.playchess.de"]
[Date "2000.12.07"]
[Round "4"]
[White "Hansie"]
[Black "Yogesh"]
[WhiteElo "1000"]
[BlackElo "1204"]
[PlyCount "66"]
[Result "0-1"]

1.e4 e5 2.f3 Nf6 3.Nc3 Bb4 4.Nd5 Nxd5 5.exd5 e4 
6.fxe4 Qh4+ 7.g3 Qxe4+ 8.Qe2 Qxe2+ 9.Nxe2 O-O 
10.h4 Re8 11.a3 Bd6 12.g4 b6 13.g5 Ba6 14.d3 c6 
15.Bd2 Bg3+ 16.Kd1 Be5 17.d4 Bxe2+ 18.Bxe2 Bxd4 
19.h5 Bxb2 20.Ra2 Bd4 21.c3 Bc5 22.c4 cxd5 23.cxd5 
d6 24.h6 g6 25.Rf1 Re5 26.Rc2 Nd7 27.Bc3 Rxd5+ 
28.Ke1 Rxg5 29.Bg7 Re8 30.Kd1 Rd5+ 31.Ke1 Bxa3 
32.Ra2 Ra5 33.Bb2 Bb4+ 0-1

[Event "HCL-C085"]
[Site "www.playchess.de"]
[Date "2000.12.07"]
[Round "1"]
[White "ksadler"]
[Black "Flay"]
[WhiteElo "699"]
[BlackElo "1000"]
[PlyCount "34"]
[Result "0-1"]

1.e4 d5 2.exd5 Qxd5 3.Qf3 e6 4.Qxd5 exd5 5.Nc3 c6 
6.d4 Nf6 7.Bf4 Bb4 8.a3 Bxc3+ 9.bxc3 O-O 10.Bxb8 
Rxb8 11.O-O-O Ne4 12.Nh3 Nxc3 13.Rd3 Ne4 14.a4 
Bxh3 15.gxh3 Nxf2 16.Rg1 Nxd3+ 17.Bxd3 
Rfe8 0-1

[Event "HCL-C088"]
[Site "www.playchess.de"]
[Date "2000.12.07"]
[Round "7"]
[White "ksadler"]
[Black "Oxe"]
[WhiteElo "933"]
[BlackElo "1000"]
[PlyCount "30"]
[Result "0-1"]

1.e4 d6 2.Nc3 Nf6 3.Bd3 g6 4.Nf3 Bg7 5.O-O O-O 
6.Nb5 a6 7.Nbd4 c5 8.Nb3 Qc7 9.Qe2 b5 10.e5 dxe5 
11.Qxe5 Qxe5 12.Nxe5 c4 13.Na5 cxd3 14.cxd3 Ng4 
15.Nxg4 Bxg4 0-1

[Event "HCL-C109"]
[Site "www.playchess.de"]
[Date "2000.12.07"]
[Round "10"]
[White "Hubb"]
[Black "chessy"]
[WhiteElo "1000"]
[BlackElo "1000"]
[PlyCount "46"]
[Result "0-1"]

1.e4 e6 2.d4 d5 3.e5 c5 4.c3 Nc6 5.Nf3 Qb6 6.Bd3 
Bd7 7.O-O cxd4 8.cxd4 Nxd4 9.Nxd4 Qxd4 10.Qe2 Ne7 
11.Rd1 Nc6 12.Ba6 Qxe5 13.Qxe5 Nxe5 14.Bxb7 Rb8 
15.Ba6 Bc5 16.b3 Ng4 17.Rd2 Rb6 18.Bf1 e5 19.Ba3 
Bd4 20.Rxd4 exd4 21.Bc5 Rc6 22.Bxd4 Rc1 23.Bxa7 
Bb5 0-1

[Event "HCL-C121"]
[Site "www.playchess.de"]
[Date "2000.12.07"]
[Round "10"]
[White "pajala"]
[Black "Impi"]
[WhiteElo "1000"]
[BlackElo "1000"]
[PlyCount "21"]
[Result "1-0"]

1.e4 c5 2.Nf3 d6 3.Bb5+ Bd7 4.Bxd7+ Qxd7 5.O-O g6 
6.a4 Bg7 7.d4 cxd4 8.Nxd4 Nc6 9.Be3 Nf6 10.Nc3 O-O 
11.Qd3 1-0

[Event "HCL-C129"]
[Site "www.playchess.de"]
[Date "2000.12.07"]
[Round "12"]
[White "waxneedles"]
[Black "TRIPLE_H"]
[WhiteElo "816"]
[BlackElo "199"]
[PlyCount "31"]
[Result "1/2-1/2"]

1.e4 c5 2.Nf3 a6 3.d4 b6 4.dxc5 bxc5 5.Nc3 d6 6.e5 
Nc6 7.exd6 exd6 8.Nd5 Be6 9.Bc4 Nf6 10.Bg5 Be7 
11.Bxf6 Bxf6 12.Nxf6+ gxf6 13.Bxe6 fxe6 14.O-O Ne5 
15.Nxe5 fxe5 16.Qh5+ 1/2-1/2

[Event "HCL-C143"]
[Site "www.playchess.de"]
[Date "2000.12.07"]
[Round "16"]
[White "tiberiuskirk"]
[Black "locko"]
[WhiteElo "1106"]
[BlackElo "742"]
[PlyCount "47"]
[Result "1-0"]

1.e4 e5 2.Nf3 d6 3.d4 f6 4.Bc4 Ne7 5.Nc3 Nec6 
6.O-O a6 7.Nd5 b5 8.Bb3 a5 9.a4 b4 10.dxe5 Nxe5 
11.Nxe5 fxe5 12.Qf3 Nd7 13.Nb6 Qf6 14.Qxf6 Nxf6 
15.Nxa8 Kd8 16.Bg5 h6 17.Bxf6+ gxf6 18.f4 Bb7 
19.Bd5 c6 20.Bxc6 Bxc6 21.Nb6 Bxe4 22.fxe5 dxe5 
23.Rad1+ Ke8 24.Nd7 1-0

[Event "HCL-E011"]
[Site "www.playchess.de"]
[Date "2000.12.07"]
[Round "4"]
[White "Exchange_with_Tempo"]
[Black "senna"]
[WhiteElo "2115"]
[BlackElo "2019"]
[PlyCount "57"]
[Result "1-0"]

1.d4 Nf6 2.Nf3 g6 3.Bf4 Bg7 4.h3 d6 5.e3 O-O 6.Bd3 
Nbd7 7.Nbd2 Re8 8.Bg5 h6 9.Bh4 e5 10.dxe5 dxe5 
11.Be2 e4 12.Nd4 Nb6 13.O-O Bd7 14.c4 c5 15.N4b3 
Qe7 16.Qc2 Ba4 17.Nb1 a5 18.Nc3 Bc6 19.a4 Nbd7 
20.Rfd1 Qe5 21.Bg3 Qe6 22.Nb5 Bxb5 23.cxb5 Bf8 
24.Rac1 b6 25.Nd2 Rac8 26.Bc4 Qe7 27.Bb3 Red8 
28.Nc4 Qe8 29.Rd6 1-0

[Event "ACL-A044"]
[Site "www.playchess.de"]
[Date "2000.12.07"]
[Round "29"]
[White "Hermi"]
[Black "chrisg"]
[WhiteElo "1500"]
[BlackElo "1738"]
[PlyCount "72"]
[Result "1-0"]

1.d4 Nf6 2.c4 e6 3.Nf3 b6 4.a3 Bb7 5.Nc3 d5 6.cxd5 
Nxd5 7.Qc2 Nxc3 8.bxc3 Be7 9.e4 O-O 10.Bd3 c5 
11.O-O Nd7 12.Qe2 Rc8 13.Bf4 Nf6 14.a4 cxd4 
15.cxd4 Bb4 16.Rab1 Bc3 17.e5 Bxf3 18.Qxf3 Nd5 
19.Be3 f5 20.exf6 e.p 21.Nxf6 Rfc1 22.Qd5 Qh3 
23.Qa2 a5 24.bxa5 Rb7 25.Qd5 Rxg7+ 26.Kxg7 Bh6+ 
27.Kf7 Bxf8 28.Kxf8 Ba6 29.Rd8 Qh6+ 30.Kf7 Rxc3 
31.Qxd4 Rf3 32.Rh8 g3 33.a4 Rf4 34.Qa1+ Kg2 35.Qd4 
Rxd4 36.Rf8 Rb4 1-0

[Event "ACL-A067"]
[Site "www.playchess.de"]
[Date "2000.12.07"]
[Round "5"]
[White "player27"]
[Black "hun"]
[WhiteElo "1705"]
[BlackElo "1790"]
[PlyCount "37"]
[Result "1/2-1/2"]

1.e4 d5 2.exd5 Qxd5 3.Nc3 Qa5 4.d4 Nf6 5.Nf3 Ne4 
6.Qd3 Nxc3 7.Bd2 Bf5 8.Bxc3 Bxd3 9.Bxa5 Bxc2 
10.Rc1 Be4 11.Rxc7 Nc6 12.Bb5 a6 13.Bxc6+ Bxc6 
14.Bb6 e6 15.Bc5 Bxc5 16.dxc5 O-O 17.Ke2 Rfc8 
18.Rxc8+ Rxc8 19.b4 1/2-1/2

[Event "ACL-A067"]
[Site "www.playchess.de"]
[Date "2000.12.07"]
[Round "14"]
[White "Deppenhaufen"]
[Black "player27"]
[WhiteElo "1500"]
[BlackElo "1705"]
[PlyCount "53"]
[Result "1-0"]

1.e4 e5 2.Nf3 Nc6 3.Bb5 Nf6 4.O-O Bc5 5.c3 O-O 
6.d4 Bb6 7.Bg5 h6 8.Bh4 d6 9.a4 a5 10.Re1 Bg4 
11.Bxc6 bxc6 12.dxe5 dxe5 13.Qxd8 Raxd8 14.Nxe5 g5 
15.Bg3 Nxe4 16.Nxg4 f5 17.Ne5 f4 18.Na3 Nc5 19.Bh4 
gxh4 20.Nac4 Nd3 21.Nxd3 Rxd3 22.Rad1 Rfd8 23.Rxd3 
Rxd3 24.Kf1 f3 25.gxf3 Rxf3 26.Nxb6 cxb6 
27.Re6 1-0

[Event "ACL-A070"]
[Site "www.playchess.de"]
[Date "2000.12.07"]
[Round "36"]
[White "peze2"]
[Black "Alcoholic"]
[WhiteElo "1986"]
[BlackElo "1517"]
[PlyCount "113"]
[Result "1-0"]

1.e4 d5 2.d4 e6 3.Nd2 Nf6 4.e5 Nfd7 5.c3 c5 6.Bd3 
Nc6 7.Ne2 cxd4 8.cxd4 Qb6 9.Nf3 Bb4+ 10.Bd2 O-O 
11.O-O Bxd2 12.Qxd2 f6 13.exf6 Nxf6 14.Rfe1 Nb4 
15.Nf4 Nxd3 16.Nxd3 Ne4 17.Qe3 Bd7 18.b4 Qd6 
19.Nfe5 Be8 20.f3 Nf6 21.Nf4 Nh5 22.Nxh5 Bxh5 
23.Nd3 Bg6 24.Qe5 Qxe5 25.Nxe5 Rf4 26.Rad1 Be8 
27.g3 Rf8 28.a3 a5 29.Rdb1 axb4 30.Rxb4 b5 31.Re3 
Rc8 32.Kf2 Rc2+ 33.Re2 Rc3 34.Ra2 g5 35.Ke2 Kg7 
36.Kd2 Rc8 37.Rb3 Kf6 38.Rc2 Rxc2+ 39.Kxc2 Bg6+ 
40.Kb2 Be8 41.Rc3 h5 42.Kb3 Rg8 43.Kb4 h4 44.Rc8 
Ke7 45.Rc7+ Kd6 46.Rh7 hxg3 47.hxg3 Rf8 48.Rg7 Rh8 
49.Rxg5 Rh1 50.Rg8 Rb1+ 51.Kc3 Ke7 52.Rg7+ Kf6 
53.Ra7 Rg1 54.g4 Rc1+ 55.Kb4 Rc8 56.f4 Rc1 
57.g5+ 1-0

[Event "ACL-A072"]
[Site "www.playchess.de"]
[Date "2000.12.07"]
[Round "1"]
[White "Bill"]
[Black "Tartan-Terror"]
[WhiteElo "1676"]
[BlackElo "1529"]
[PlyCount "46"]
[Result "1/2-1/2"]

1.e4 Nf6 2.e5 Nd5 3.d4 d6 4.Nf3 dxe5 5.dxe5 Nc6 
6.a3 Bg4 7.Bb5 Qd7 8.h3 Bxf3 9.Qxf3 a6 10.Bxc6 
Qxc6 11.Nd2 e6 12.c4 Ne7 13.O-O Qxf3 14.Nxf3 Nc6 
15.Be3 Be7 16.Rfd1 O-O 17.Rd7 Rac8 18.Rad1 Rcd8 
19.R1d2 Rxd7 20.Rxd7 Rc8 21.Kf1 Kf8 22.Ke2 Ke8 
23.Rd3 Rd8 1/2-1/2

[Event "HCL-A021"]
[Site "www.playchess.de"]
[Date "2000.12.08"]
[Round "10"]
[White "Al-azmi"]
[Black "aldo"]
[WhiteElo "1700"]
[BlackElo "1700"]
[PlyCount "109"]
[Result "1/2-1/2"]

1.d4 Nf6 2.c4 c5 3.d5 e6 4.Nc3 exd5 5.cxd5 d6 
6.Nf3 g6 7.e4 Bg7 8.h3 O-O 9.Bd3 b5 10.Nxb5 Re8 
11.O-O Nxe4 12.Re1 a6 13.Na3 Nf6 14.Rxe8+ Nxe8 
15.Bg5 Bf6 16.Qd2 Bb7 17.Be4 Nd7 18.Nc4 Bxg5 
19.Nxg5 h6 20.Nf3 Ndf6 21.Re1 Nxe4 22.Rxe4 Nf6 
23.Rh4 Qf8 24.Ne3 Re8 25.Ng4 Nxg4 26.Rxg4 Qg7 
27.Kh2 Qf6 28.b4 Qf5 29.Qxh6 Bxd5 30.Nh4 Qe5+ 
31.f4 Qg7 32.Qxg7+ Kxg7 33.Nf5+ Kf6 34.Nxd6 Re2 
35.Rg5 Bc6 36.bxc5 Rxa2 37.Nc8 Rc2 38.h4 a5 39.Na7 
Be4 40.c6 a4 41.Ra5 Rxg2+ 42.Kh3 Rc2 43.Rxa4 Kf5 
44.Nb5 Kxf4 45.c7 f5 46.Rd4 Rc1 47.Rd2 Bf3 48.Ra2 
Ke3 49.Ra3+ Kf2 50.Ra2+ Ke3 51.Ra3+ Kf2 52.Ra2+ 
Ke3 53.Ra3+ Kf2 54.Ra2+ Ke3 55.Ra3+ 1/2-1/2

[Event "HCL-A036"]
[Site "www.playchess.de"]
[Date "2000.12.08"]
[Round "14"]
[White "mkluwe"]
[Black "ABBOTS"]
[WhiteElo "2037"]
[BlackElo "1800"]
[PlyCount "43"]
[Result "1-0"]

1.Nf3 Nf6 2.c4 e6 3.Nc3 d5 4.d4 Be7 5.Qc2 c5 
6.dxc5 Na6 7.g3 O-O 8.Bg2 dxc4 9.O-O Qa5 10.c6 Nb4 
11.cxb7 Bxb7 12.Qd2 Rfd8 13.Qf4 Rac8 14.a3 Nbd5 
15.Nxd5 Nxd5 16.Qe4 Nf6 17.Qxb7 Nd5 18.Nd4 Rc7 
19.Qb5 Qxb5 20.Nxb5 Rb7 21.a4 Bf6 
22.e4 1-0

[Event "HCL-A046"]
[Site "www.playchess.de"]
[Date "2000.12.08"]
[Round "14"]
[White "peze3"]
[Black "Gearloose"]
[WhiteElo "1700"]
[BlackElo "2016"]
[PlyCount "38"]
[Result "1/2-1/2"]

1.c4 f5 2.Nf3 Nf6 3.g3 g6 4.d4 Bg7 5.Bg2 c6 6.O-O 
O-O 7.b3 d5 8.Bb2 e6 9.Nbd2 Bd7 10.Ne5 Na6 11.Rc1 
Qe7 12.a3 Rac8 13.b4 Nc7 14.c5 Ne4 15.Nxe4 fxe4 
16.f3 exf3 17.exf3 Bxe5 18.dxe5 Rf7 19.f4 
Rcf8 1/2-1/2

[Event "HCL-A047"]
[Site "www.playchess.de"]
[Date "2000.12.08"]
[Round "1"]
[White "Werner"]
[Black "ABBOTS"]
[WhiteElo "1818"]
[BlackElo "1762"]
[PlyCount "51"]
[Result "1-0"]

1.e4 c6 2.d4 d5 3.exd5 cxd5 4.c4 Nf6 5.Nc3 Nc6 
6.Bg5 e6 7.c5 Be7 8.Bb5 O-O 9.Nf3 Ne4 10.Bxe7 Qxe7 
11.Nxe4 dxe4 12.Bxc6 exf3 13.Bxf3 e5 14.O-O exd4 
15.Qxd4 Be6 16.b4 Rfd8 17.Qf4 Rd3 18.Rad1 Rxd1 
19.Rxd1 Bxa2 20.Qe4 Qxe4 21.Bxe4 Be6 22.Bxb7 Rb8 
23.c6 Kf8 24.b5 Ke8 25.Ba6 Bc8 
26.c7 1-0

[Event "HCL-A052"]
[Site "www.playchess.de"]
[Date "2000.12.08"]
[Round "5"]
[White "tim_danieli"]
[Black "chesskarma"]
[WhiteElo "1796"]
[BlackElo "1710"]
[PlyCount "33"]
[Result "1-0"]

1.e4 g6 2.Nf3 Bg7 3.d4 c6 4.c4 d6 5.Nc3 Nf6 6.Be3 
O-O 7.Be2 Bg4 8.Qd2 e5 9.O-O-O Qa5 10.h3 Bxf3 
11.gxf3 Na6 12.h4 Rfd8 13.h5 Nxh5 14.Rxh5 gxh5 
15.Rg1 f6 16.Bh6 Rd7 17.f4 1-0

[Event "HCL-A054"]
[Site "www.playchess.de"]
[Date "2000.12.08"]
[Round "7"]
[White "schlueter"]
[Black "klypp"]
[WhiteElo "1492"]
[BlackElo "2144"]
[PlyCount "34"]
[Result "0-1"]

1.f4 e5 2.fxe5 d6 3.exd6 Bxd6 4.Nf3 g5 5.d4 g4 
6.Ng5 f5 7.e4 h6 8.e5 Be7 9.Nh3 gxh3 10.Qh5+ Kf8 
11.Bc4 Rh7 12.Qg6 Bb4+ 13.c3 Rg7 14.Bxh6 Qh4+ 
15.Kd1 Nxh6 16.Qf6+ Qxf6 17.exf6 
Rxg2 0-1

[Event "HCL-A054"]
[Site "www.playchess.de"]
[Date "2000.12.08"]
[Round "17"]
[White "peze3"]
[Black "mrchess"]
[WhiteElo "1700"]
[BlackElo "1555"]
[PlyCount "31"]
[Result "1/2-1/2"]

1.e4 e5 2.f4 exf4 3.Nf3 Be7 4.Bc4 Nf6 5.e5 Ng4 
6.Nc3 d6 7.exd6 Bxd6 8.Qe2+ Qe7 9.Qxe7+ Kxe7 
10.O-O Nc6 11.d4 Nb4 12.Ne1 Be6 13.Bxe6 fxe6 14.a3 
Nd5 15.Nxd5+ exd5 16.Bxf4 1/2-1/2

[Event "HCL-A062"]
[Site "www.playchess.de"]
[Date "2000.12.08"]
[Round "6"]
[White "suffix"]
[Black "Savage"]
[WhiteElo "1885"]
[BlackElo "1484"]
[PlyCount "55"]
[Result "1-0"]

1.d4 Nf6 2.Bf4 d6 3.Nc3 g6 4.Qd2 Bf5 5.f3 Bg7 6.e4 
Bd7 7.Bc4 O-O 8.Bh6 Nc6 9.h4 e5 10.h5 Nxh5 11.g4 
Nf4 12.Qh2 Qh4+ 13.Qxh4 Ng2+ 14.Kd2 Nxh4 15.Rxh4 
Nxd4 16.Bxg7 Kxg7 17.Nce2 Be6 18.Bd5 Nxe2 19.Nxe2 
Bxd5 20.exd5 f5 21.Rah1 Rfh8 22.gxf5 gxf5 23.Ng3 
f4 24.Nf5+ Kf7 25.Nh6+ Kf6 26.Rg4 Rae8 27.Rh5 Ke7 
28.Rg7+ 1-0

[Event "HCL-A065"]
[Site "www.playchess.de"]
[Date "2000.12.08"]
[Round "3"]
[White "peze"]
[Black "Razboinik"]
[WhiteElo "1923"]
[BlackElo "1700"]
[PlyCount "25"]
[Result "1-0"]

1.c4 c5 2.Nc3 Nc6 3.Nf3 Nf6 4.d4 cxd4 5.Nxd4 e6 
6.g3 g6 7.Ndb5 Bg7 8.Bf4 e5 9.Qd6 Qe7 10.Nc7+ Kf8 
11.Qxe7+ Kxe7 12.Bg5 Rb8 13.N7d5+ 1-0

[Event "HCL-B092"]
[Site "www.playchess.de"]
[Date "2000.12.08"]
[Round "3"]
[White "pang83"]
[Black "BigToe"]
[WhiteElo "1200"]
[BlackElo "1769"]
[PlyCount "22"]
[Result "0-1"]

1.g3 e5 2.b3 d5 3.Bb2 Nc6 4.Bg2 Nf6 5.d4 exd4 
6.Bxd4 Nxd4 7.Qxd4 Bf5 8.c4 Be4 9.cxd5 Bxg2 10.Nf3 
Bxh1 11.Qa4+ Qd7 0-1

[Event "HCL-B119"]
[Site "www.playchess.de"]
[Date "2000.12.08"]
[Round "1"]
[White "DepthCharge"]
[Black "Taher"]
[WhiteElo "1554"]
[BlackElo "1551"]
[PlyCount "81"]
[Result "1/2-1/2"]

1.e4 e5 2.Nf3 d6 3.Nc3 Nc6 4.Bc4 Be7 5.d4 exd4 
6.Nxd4 Nf6 7.Nxc6 bxc6 8.Qf3 O-O 9.Bd3 Ng4 10.h3 
Ne5 11.Qe2 f5 12.Bc4+ Kh8 13.Bd3 f4 14.f3 Bh4+ 
15.Kd1 Be6 16.Bd2 Rb8 17.b3 c5 18.Be1 c6 19.Rg1 
Bxe1 20.Kxe1 Re8 21.g3 fxg3 22.Rxg3 d5 23.exd5 
Bxd5 24.Kf2 Ng4+ 25.Rxg4 Rxe2+ 26.Bxe2 Rb4 27.Rg3 
c4 28.Rd1 cxb3 29.axb3 Qb6+ 30.Kf1 Rd4 31.Bd3 Qc7 
32.Kg2 h5 33.Nxd5 cxd5 34.Re1 Qd7 35.Re5 h4 
36.Rgg5 Rxd3 37.Rgh5+ Kg8 38.cxd3 Qc8 39.Rexd5 
Qc2+ 40.Kf1 Qd1+ 41.Kf2 1/2-1/2

[Event "HCL-B124"]
[Site "www.playchess.de"]
[Date "2000.12.08"]
[Round "10"]
[White "Bill"]
[Black "El_Sucio"]
[WhiteElo "1196"]
[BlackElo "1500"]
[PlyCount "96"]
[Result "0-1"]

1.e4 c6 2.d4 d5 3.exd5 cxd5 4.c4 Nf6 5.Nc3 e6 
6.Nf3 Bb4 7.cxd5 Nxd5 8.Bd2 O-O 9.Bd3 Be7 10.O-O 
Nc6 11.Rc1 Bf6 12.Bb1 Nxd4 13.Bg5 Nxf3+ 14.Qxf3 
Bxg5 15.Rcd1 Qf6 16.Nxd5 Qxf3 17.gxf3 exd5 18.Rxd5 
Bf6 19.b4 Be6 20.Rh5 g6 21.Rc5 Rac8 22.Rfc1 Be7 
23.R5xc8 Rxc8 24.Rxc8+ Bxc8 25.b5 Be6 26.a4 Bd5 
27.Be4 Bxe4 28.fxe4 Kf8 29.f4 g5 30.fxg5 Bxg5 
31.Kf2 Ke7 32.Kf3 Ke6 33.Kg4 h6 34.Kg3 Ke5 35.Kf3 
b6 36.h3 f6 37.h4 Bxh4 38.Ke3 Bg5+ 39.Kd3 h5 
40.Ke2 Kxe4 41.Kf2 f5 42.Kg2 Ke3 43.Kf1 Kf3 44.a5 
Be3 45.axb6 axb6 46.Ke1 h4 47.Kd1 h3 48.Kc2 
h2 0-1

[Event "HCL-B124"]
[Site "www.playchess.de"]
[Date "2000.12.08"]
[Round "20"]
[White "uiai"]
[Black "El_Sucio"]
[WhiteElo "1200"]
[BlackElo "1500"]
[PlyCount "30"]
[Result "0-1"]

1.c4 c6 2.Nc3 d5 3.cxd5 cxd5 4.d4 Nf6 5.g3 Nc6 
6.Bg2 e6 7.Nf3 Bd6 8.O-O O-O 9.Bg5 a6 10.a3 b5 
11.Rc1 Bb7 12.Re1 Be7 13.e4 dxe4 14.Nxe4 Nxe4 
15.Bxe7 Nxe7 0-1

[Event "HCL-B125"]
[Site "www.playchess.de"]
[Date "2000.12.08"]
[Round "16"]
[White "ggaarrii"]
[Black "Jeff_Foster"]
[WhiteElo "1500"]
[BlackElo "1231"]
[PlyCount "74"]
[Result "0-1"]

1.e4 e5 2.Nf3 Nc6 3.Bc4 Nf6 4.Ng5 d5 5.exd5 Na5 
6.Bb5+ c6 7.dxc6 bxc6 8.Be2 Nd5 9.d4 Be7 10.Nf3 e4 
11.Ne5 O-O 12.c4 Bb4+ 13.Bd2 e3 14.Bxb4 exf2+ 
15.Kxf2 Nxb4 16.Qd2 Nc2 17.Nxc6 Qh4+ 18.g3 Qf6+ 
19.Bf3 Nxc6 20.Qxc2 Qxf3+ 21.Kxf3 Nxd4+ 22.Kf2 
Nxc2 23.Na3 Nxa1 24.Rxa1 Bg4 25.Re1 Rfe8 26.Re3 
Red8 27.Re4 f5 28.Re3 Rd2+ 29.Ke1 Rxh2 30.b3 Rxa2 
31.Nb5 Rd8 32.Nc3 Ra1+ 33.Kf2 Rd2+ 34.Ne2 Raa2 
35.c5 Rdxe2+ 36.Rxe2 Rxe2+ 37.Kf1 
Rb2 0-1

[Event "HCL-B129"]
[Site "www.playchess.de"]
[Date "2000.12.08"]
[Round "4"]
[White "Brussels_Hooligan"]
[Black "Hubble"]
[WhiteElo "1439"]
[BlackElo "1623"]
[PlyCount "44"]
[Result "0-1"]

1.e4 e5 2.f4 d5 3.exd5 exf4 4.Nf3 Nf6 5.Bb5+ Bd7 
6.Bxd7+ Nbxd7 7.O-O Be7 8.c4 O-O 9.d4 Nh5 10.Ne5 
Ndf6 11.Bxf4 Nxf4 12.Rxf4 Rc8 13.Qf3 g5 14.Rf5 Nd7 
15.Nxf7 Qe8 16.Nxg5 Qg6 17.Nf7 Rxf7 18.Rxf7 Qxf7 
19.Qg4+ Kh8 20.Qxd7 Rf8 21.Nc3 Qf2+ 22.Kh1 
Qf1+ 0-1